000 00685nam a2200229Ia 4500
003 GCL
008 140319s9999 xx 000 0 ara d
040 _aGCL /
_cGCL
082 0 4 _a327.114
_bن ت
100 1 _aنورث , اوليفر
245 1 0 _aتحت النار /
_cنورث , اوليفر
700 1 _aالياس فرحات
260 _a[S.N] :
_bدار المناهل للطباعة والنشر ،
_c1992
300 _a395 ص
490 _a
650 0 4 _aالولايات المتحدة الامريكية
650 0 4 _aالسعودية
650 0 4 _aالسياسة
650 0 4 _aالعلاقات الخارجية
650 0 4 _aالرهائن
942 _2ddc
_cBK
999 _c56038
_d56038